| 000 | 01049nam a2200241 i 4500 | ||
|---|---|---|---|
| 001 | 192029 | ||
| 003 | ES-MaACL | ||
| 005 | 20250808023030.0 | ||
| 008 | 221102 2008 xx 0 0 eng d | ||
| 040 | _cES-MaACL | ||
| 080 | _a1 Zambrano, María (063) | ||
| 111 | 2 |
_aCongreso Internacional sobre la Vida y Obra de María Zambrano _d(2008. _cVélez-Málaga) _9235041 |
|
| 245 | 1 | 1 |
_a"Europa, sueño y verdad" : _bV Congreso Internacional sobre la Vida y Obra de María Zambrano [celebrado en Vélez-Málaga del 22 al 25 de abril de 2008] |
| 260 |
_aVélez-Málaga : _bFundación María Zambrano, _c2009. |
||
| 300 |
_a299 páginas ; _c30 cm. |
||
| 490 | 0 |
_aAntígona : revista de la Fundación María Zambrano ; _v2009 ; _v4 _x1887-6862 |
|
| 600 | 1 | 7 |
_aZambrano, María, 1904-1991- _vCongresos y asambleas _9157934 |
| 710 | 2 |
_aFundación María Zambrano _9138788 _eedt |
|
| 852 |
_aES-MaACL _jN-8188 _cDEPOJ _hDonación: Editorial _9201200 |
||
| 942 |
_cMONOGRAFIA _n0 |
||
| 999 |
_c192029 _d192029 |
||